000 00284nam a22001217a 4500
008 211127b ||||| |||| 00| 0 eng d
020 _a9789386602749
050 _a305
_b1
245 _aThe Life Of Y
260 _aNew Delhi
_bSAGE Publications
_c2018
300 _a1
942 _2ddc
_cBK
999 _c11923
_d11923